MARC

LEADER 00000nam0a2200000 4500
001 27996
005 20231030202610.0
010 |a 9854520072 
035 |a (RuTPU)RU\TPU\book\28252 
035 |a BOOK00028327 
090 |a 27996 
100 |a 20011209d2000 m y0rusy50 ca 
101 0 |a rus 
102 |a BY 
105 |a a j 001zy 
200 1 |a Электроснабжение предприятий. Практикум  |e учебное пособие для профтехобразования  |f И. В. Бороздин 
210 |a Минск  |c Дизайн ПРО  |d 2000 
215 |a 224 с.  |c ил. 
320 |a Библиогр.: с. 203. 
610 1 |a организация производства 
610 1 |a промышленные предприятия 
610 1 |a электроснабжение 
610 1 |a электрооборудование 
610 1 |a речь 
610 1 |a эксплуатация 
610 1 |a лабораторные работы 
610 1 |a учебные пособия 
675 |a 658.26:621.31(07)  |v 3 
700 1 |a Бороздин  |b И. В.  |g Иван Васильевич 
801 0 |a RU  |b 63413507  |c 20011209  |g PSBO 
801 2 |a RU  |b 63413507  |c 20060731  |g PSBO 
942 |c BK